| 000 | 03395nas1a22003731i 4500 | ||
|---|---|---|---|
| 001 | RU\NLR\Per\1085360 | ||
| 005 | 20260408091903.0 | ||
| 035 | _a(NLR Aleph) 010549741 | ||
| 090 |
_a10331689 _c10331689 |
||
| 100 | _a20141121a200 9999|||y0rusy50 ca | ||
| 101 | 0 | _arus | |
| 102 | _aRU | ||
| 110 | _azu||||||||| | ||
| 200 | 1 |
_aПанорама социальных идей _eтематический выпуск _fОпорно-эксперим. учреждение социал. сферы РФ Краев. гос. казен. учреждение социал. обслуж. "Социал.-реабилитац. центр для несовершеннолетних "Парус надежды" |
|
| 210 |
_aВладивосток _cИзд-во Дальневосточного федерального университета _d2013 - |
||
| 300 | _aВ надзаг. также: Деп. социал. защиты населения Примор. края | ||
| 606 |
_aСемьи с детьми-инвалидами _jПериодические издания _xПсихологическая служба _92501988 _3RU\NLR\AUTH\661483863 |
||
| 606 | 1 |
_aДети-инвалиды _jПериодические издания _xСоциальная защита _92140253 _3RU\NLR\AUTH\661290066 |
|
| 606 |
_aДети-инвалиды _jПериодические издания _xРеабилитация _9945232 _3RU\NLR\AUTH\66350370 |
||
| 606 |
_aДети с ограниченными возможностями здоровья _jПериодические издания _xСоциально-психологические исследования _92172054 _3RU\NLR\AUTH\661306517 |
||
| 686 | 1 | _aР11(2)442.97я54 | |
| 686 | 1 | _aС550.325.2я54 | |
| 686 | 1 | _aЮ984.92я54 | |
| 686 | 1 | _aЮ948.2я54 | |
| 686 | 1 | _aУ27(2)229.8(2Р-4Пе)я54 | |
| 712 | 0 | 2 |
_4570 _a"Парус надежды", социально-реабилитационный центр для несовершеннолетних _cВладивосток _3RU\NLR\AUTH\8810231087 _9347144 |
| 852 |
_aNLR _jП23/8911 |
||
| 942 | _cSE | ||
| 980 | _aRUSPER | ||